| 000 | 00558nam a22001697a 4500 | ||
|---|---|---|---|
| 003 | MACL | ||
| 005 | 20160113112237.0 | ||
| 008 | 160113b xxu||||| |||| 00| 0 eng d | ||
| 040 | _cMACL | ||
| 041 | _aHindi | ||
| 082 | _a001 | ||
| 100 |
_aइॉ. शादाब अहमद सिददीकी _931598 |
||
| 245 | _aमघ्यप्रदेश सम्पुर्ण अघ्ययन | ||
| 260 |
_aआगरा _bउपकार प्रकाशन |
||
| 650 |
_aसामान्यज्ञान _931599 |
||
| 942 |
_2ddc _cHIN |
||
| 999 |
_c52121 _d52121 |
||